| 000 | 00548nam a2200181 a 4500 | ||
|---|---|---|---|
| 005 | 20140310183218.0 | ||
| 008 | 030805s19uu xx 00 eng d | ||
| 020 | _a0743222245 | ||
| 050 |
_aDS 126.6 _b.C641 2003 |
||
| 100 | _aClinton, Hillary Rodham | ||
| 245 |
_aLiving history / _cHillary Rodham Clinton. |
||
| 260 |
_aNew York : _bSimon & Schuster, _c2003. |
||
| 300 |
_a562 p. : _bill. ; _c22 cm. |
||
| 650 | _aClinton, Hillary Rodman, 1947-- | ||
| 650 |
_aClinton, Hillary Rodham _xAutobiography |
||
| 942 |
_cBK _2lcc _kFOR |
||
| 999 |
_c20281 _d20281 |
||